00558nam a2200157 a 4500020002700000020001900027100002300046245002700069250001200096260004400108300002700152520012000179650001400299700001700313856007000330 a0131905449 (hardcover) a9780131905443 1 aMiller, Kenneth R.10aPrentice Hall biology  a0th ed. a[S.l.] :bPearson Prentice Hall,c2006. a1146 p. ;b(hardcover) aIf applicable, online access or codes are not guaranteed to work. Pages are clean and binding is tight. Solid Book. aChemistry1 aLevine, Joe.40uhttp://www.amazon.com/exec/obidos/ASIN/0131905449/chopaconline-20